| 000 | 00402nam a2200169Ia 4500 | ||
|---|---|---|---|
| 008 | 230524s9999 xx 000 0 und d | ||
| 020 | _a978812725123 | ||
| 082 |
_a658.4 _bJIN |
||
| 100 | _aAman Jindal | ||
| 245 | 0 | _aManagement Information System | |
| 250 | _aIST | ||
| 260 |
_aNEW DELHI _bKalyani _c2008 |
||
| 300 | _aXI;393 | ||
| 500 | _aQuantity Number: 10 | ||
| 650 | _aComp-Sc | ||
| 942 | _cBK | ||
| 999 |
_c46687 _d46687 |
||